Consumer Behavior : (Record no. 15027)

MARC details
000 -LEADER
fixed length control field 02393cac a22003251u 4500
008 - FIXED-LENGTH DATA ELEMENTS--GENERAL INFORMATION
fixed length control field 090311t20072011xxu||||| |||| 00| 0deng d
020 ## - INTERNATIONAL STANDARD BOOK NUMBER
International Standard Book Number 9780137034963
020 ## - INTERNATIONAL STANDARD BOOK NUMBER
International Standard Book Number 0137034962
035 ## - SYSTEM CONTROL NUMBER
System control number (OCoLC)ocm62282609
082 00 - DEWEY DECIMAL CLASSIFICATION NUMBER
Classification number 658.8342
Item number SOL
100 ## - MAIN ENTRY--PERSONAL NAME
Personal name Solomon, Michael R.
9 (RLIN) 12282
Relator term Author
245 10 - TITLE STATEMENT
Title Consumer Behavior :
Remainder of title Buying, Having, and Being /
Statement of responsibility, etc Michael R. Solomon.
250 ## - EDITION STATEMENT
Edition statement 9th ed.
Remainder of edition statement Global Edition.
260 ## - PUBLICATION, DISTRIBUTION, ETC. (IMPRINT)
Place of publication, distribution, etc Upper Saddle River, N.J. ;
-- London :
Name of publisher, distributor, etc Pearson Prentice Hall,
Date of publication, distribution, etc c2011.
300 ## - PHYSICAL DESCRIPTION
Extent 680 p. :
Other physical details ill. (chiefly col.) ;
Dimensions 29 cm.
504 ## - BIBLIOGRAPHY, ETC. NOTE
Bibliography, etc Includes bibliographical references and index.
541 ## - IMMEDIATE SOURCE OF ACQUISITION NOTE
Source of acquisition Bacca ;
650 #0 - SUBJECT ADDED ENTRY--TOPICAL TERM
Topical term or geographic name as entry element Consumer behavior.
9 (RLIN) 12283
653 ## - INDEX TERM--UNCONTROLLED
Resource For college
942 ## - ADDED ENTRY ELEMENTS (KOHA)
Item type Book - Borrowing
Source of classification or shelving scheme Dewey Decimal Classification
Holdings
Withdrawn status Item status Source of classification or shelving scheme Materials specified (bound volume or other part) Damaged status Not for loan Vendor Home library Current library Shelving location Date acquired Source of acquisition Total Checkouts Full call number Barcode Date last seen Date last borrowed Koha item type Total Renewals Cost, normal purchase price Cost, replacement price
  Lost Dewey Decimal Classification Lost In Inventory_2015-8-23     Baccah Central Library Central Library First floor 20/03/2011   2 658.8342 SOL 000022913 10/04/2012 10/04/2012 NB - Book (Non borrowing)      
    Dewey Decimal Classification       Baccah Central Library Central Library First floor 20/03/2011   9 658.8342 SOL 000022912 15/07/2025 26/09/2019 Book - Borrowing 16    
  Lost Dewey Decimal Classification Lost In Inventory_2015-8-23     Baccah Central Library Central Library First floor 20/03/2011   5 658.8342 SOL 000022911 23/06/2013 09/02/2012 Book - Borrowing 17    
    Dewey Decimal Classification       Baccah Central Library Central Library First floor 20/03/2011   7 658.8342 SOL 000022910 15/07/2025 01/04/2017 Book - Borrowing 33    
    Dewey Decimal Classification       Baccah Central Library Central Library First floor 20/03/2011   5 658.8342 SOL 000022909 15/07/2025 13/11/2016 Book - Borrowing 23    
    Dewey Decimal Classification       Baccah Central Library Central Library First floor 12/05/2011   9 658.8342 SOL 000023556 15/07/2025 26/09/2019 Book - Borrowing 40    
    Dewey Decimal Classification         Central Library Central Library First floor 04/03/2012   7 658.8342 SOL 000026274 15/07/2025 16/12/2018 Book - Borrowing 23    
    Dewey Decimal Classification       Baccah Central Library Central Library First floor 04/03/2012   5 658.8342 SOL 000026275 21/12/2025 27/11/2025 Book - Borrowing 47    
  Lost and Paid For Dewey Decimal Classification       Baccah Central Library Central Library First floor 04/03/2012   5 658.8342 SOL 000026276 22/02/2018 22/02/2018 Book - Borrowing 24 1500.00 1875.00
    Dewey Decimal Classification         Central Library Central Library First floor 21/01/2018   1 658.8342 SOL 000042746 15/07/2025 02/10/2019 Book - Borrowing